Von der Gastwirtschaft mit Kegelbahn zur katholischen Kapelle
| Titel: | Von der Gastwirtschaft mit Kegelbahn zur katholischen Kapelle : über die Geschichte des Hauses Bahnhofstraße 6 / Rainer Neumann |
|---|---|
| Verfasser: | |
| In: |
Greifswalder Beiträge zur Stadtgeschichte, Denkmalpflege, Stadtsanierung, Band 13 (2019), Seite 30-41 alle Artikel anzeigen |
| Veröffentlicht: | 2019 |
| Umfang: | Illustrationen |
| Format: | Aufsatz |
| Sprache: | Deutsch |
X
alg: 48599139 001A $03025:04-10-21 001B $01999:04-10-21 $t22:30:16.000 001D $03025:04-10-21 001U $0utf8 001X $00 002@ $0Oou 002C $aText $btxt $2rdacontent 002D $aComputermedien $bc $2rdamedia 002E $aOnline-Ressource $bcr $2rdacarrier 003@ $048599139X 007A $048599139X $aHEB 009Q $uhttps://www.greifswald.de/de/.galleries/Amt-60-Stadtbauamt/Greifswalder-Beitraege/Greifswalder-Beitraege_2020-12-02_web_k2.pdf $xH 010@ $ager 010E $erda 011@ $a2019 021A $aVon der Gastwirtschaft mit Kegelbahn zur katholischen Kapelle $düber die Geschichte des Hauses Bahnhofstraße 6 $hRainer Neumann 028A $BVerfasser $4aut $8Neumann, Rainer$Z21. Jh. [Tp3] $9453134580 031A $d13 $h30-41 $j2019 034M $aIllustrationen 039B $aEnthalten in $8--Obvc--. Greifswalder Beiträge zur Stadtgeschichte, Denkmalpflege, Stadtsanierung. - Greifswald : Der Oberbürgermeister, Stadtbauamt, [2016]-. - Online-Ressource $x201900000130000970 $942852964X 044K $#Greifswald $#Gryphisvaldia $#Universitäts- und Hansestadt Greifswald $#Hansestadt Greifswald $#Gryphiswaldiae $#Greifsvaldas $#Gryfia $#Gryphia $74021965-3 $8Greifswald [Tg1] $9085053651 044K $RSache $RGrundeigentum $RUnbewegliche Sache $#Terrains $#Grundstücke $74072147-4 $8Grundstück [Ts1] $9085202991 044K $RSakralbau $#Church buildings $#Eglises $#Church architecture $#Architecture religieuse $#Gotteshaus $#Kirche Gebäude $#Kirchengebäude $#Kirchenraum $#Kirchen Gebäude $74073436-5 $8Kirchenbau [Ts1] $9085206776 045F $a306.094381609034 $eDDC23BSB 045F/01 $a306.09 045F/03 $f09034 045F/03 $f0904 045F/03 $g43816 045R $aGeschichte 1860-2019 lok: 48599139 78 exp: 48599139 78 1 #EPN 201B/01 $004-10-21 $t14:25:59.000 201C/01 $004-10-21 201U/01 $0utf8 203@/01 $01169712487 208@/01 $a04-10-21 $be 209A/01 $a/ $f000 $x00 209A/01 $ab*p $x01 220C/01 $aeja 244Z/01 $#Pommern $#Pommern $#Herzogtum Pommern $#Herzogthum Pommern $#Provinz Pommern $#Pomorze $74046744-2 $8--Tg1--Pommern $x06 $9085130354 247C/01 $82080>Marburg/Lahn, Herder-Institut, Forschungsbibliothek, Bibliographieportal $9336309341
| LEADER | 00000caa a2200000 c 4500 | ||
|---|---|---|---|
| 001 | 48599139X | ||
| 003 | DE-603 | ||
| 005 | 20211004223016.0 | ||
| 007 | cr|||||||||||| | ||
| 008 | 211004s2019 xx |||| o| u00||u|ger c | ||
| 035 | |a (DE-599)HEB48599139X | ||
| 040 | |a DE-603 |b ger |c DE-603 |d DE-603 |e rda | ||
| 041 | |a ger | ||
| 082 | 0 | 4 | |8 1\u |a 306.094381609034 |q DE-101 |2 23/BSB |
| 085 | |8 1\u |b 306.09 | ||
| 085 | |8 1\u |z 1 |s 09034 | ||
| 085 | |8 1\u |z 1 |s 0904 | ||
| 085 | |8 1\u |z 2 |s 43816 | ||
| 100 | 1 | |a Neumann, Rainer |d 21. Jh. |e Verfasser |4 aut |0 (DE-603)453134580 |0 (DE-588)1194886620 |2 gnd | |
| 245 | 0 | 0 | |a Von der Gastwirtschaft mit Kegelbahn zur katholischen Kapelle |b über die Geschichte des Hauses Bahnhofstraße 6 |c Rainer Neumann |
| 264 | 0 | |c 2019 | |
| 300 | |b Illustrationen | ||
| 336 | |a Text |b txt |2 rdacontent | ||
| 337 | |a Computermedien |b c |2 rdamedia | ||
| 338 | |a Online-Ressource |b cr |2 rdacarrier | ||
| 648 | 7 | |a Geschichte 1860-2019 |2 gnd | |
| 650 | 7 | |a Grundstück |0 (DE-588)4072147-4 |0 (DE-603)085202991 |2 gnd | |
| 650 | 7 | |a Kirchenbau |0 (DE-588)4073436-5 |0 (DE-603)085206776 |2 gnd | |
| 651 | 7 | |a Greifswald |0 (DE-588)4021965-3 |0 (DE-603)085053651 |2 gnd | |
| 773 | 0 | 8 | |i Enthalten in |t Greifswalder Beiträge zur Stadtgeschichte, Denkmalpflege, Stadtsanierung |d Greifswald : Der Oberbürgermeister, Stadtbauamt, [2016]- |h Online-Ressource |g Band 13 (2019), Seite 30-41 |w (DE-603)42852964X |w (DE-600)2926907-6 |
| 856 | |u https://www.greifswald.de/de/.galleries/Amt-60-Stadtbauamt/Greifswalder-Beitraege/Greifswalder-Beitraege_2020-12-02_web_k2.pdf |x Verlag | ||
| 924 | 1 | |9 2080 |a (DE-603)1169712487 |b DE-2080 |c HES |d d |g / | |


